| 000 | 00475nam a22001817a 4500 | ||
|---|---|---|---|
| 003 | NUST - PNEC | ||
| 005 | 20170116180851.0 | ||
| 008 | 150825b xxu||||| |||| 00| 0 eng d | ||
| 020 | _a002414360X | ||
| 040 | _cLIBRARY | ||
| 082 | _a604.2 SPE | ||
| 100 |
_95679 _aSpencer, Henry Cecil |
||
| 245 |
_aTechnical drawing problems, series 3 _cHenry Cecil Spencer |
||
| 250 | _aThird Edition | ||
| 260 | _cc.1980 | ||
| 650 |
_95680 _aMechanical drawing _xME |
||
| 942 |
_2ddc _cBK |
||
| 999 |
_c64600 _d64600 |
||